000 003040000a22001450004500
020 _a958-706-127-6
041 0 _aSPA
082 0 4 _aR 030 C3342e
110 1 _aEl Tiempo
245 1 0 _aLa enciclopedia
260 _aGran BretaƱa : Dorling Kindersley
300 _a365 Pag
001 11009
942 _cBK
999 _c40382
_d40382